[Vysoké školy]

Univerzity v zahraničí: rôznorodá, ale väčšinou drahá ponuka - pobyt a vzdelanie na Západe stoja desiatky tisíc korún mesačne. Titul z kvalitnej univerzity: žiadna garancia, no dôležitý predpoklad - ekonómovia so zahraničným diplomom majú otvorené dvere tam, kde absolventi slovenských škôl nie. Väčš...

ver descrição completa

Na minha lista:
Detalhes bibliográficos
Autor principal: Fričová, Zuzana
Formato: Capítulo de Livro
Idioma:eslovaco
Assuntos:
Tags: Adicionar Tag
Sem tags, seja o primeiro a adicionar uma tag!

MARC

LEADER 00000naa$a2200000$$$4500
001 0007609
005 20231009074539.3
041 0 |a slo 
044 |a SK 
245 1 0 |a [Vysoké školy]  |c Zuzana Fričová ... [ et al. ] 
520 |a Univerzity v zahraničí: rôznorodá, ale väčšinou drahá ponuka - pobyt a vzdelanie na Západe stoja desiatky tisíc korún mesačne. Titul z kvalitnej univerzity: žiadna garancia, no dôležitý predpoklad - ekonómovia so zahraničným diplomom majú otvorené dvere tam, kde absolventi slovenských škôl nie. Väčšina slovenských študentov zostáva v Česku, čoraz viac ich však pokračuje na západ. Pokrač. 
610 2 0 |a školy vysoké 
610 2 0 |a univerzity 
610 2 0 |a štúdium v zahraničí 
610 2 0 |a ceny 
610 2 0 |a západná Európa 
610 2 0 |a USA 
100 1 |a Fričová, Zuzana